000
00325nam a2200145Ia 4500
100
_a
Machinery yellow back series
942
_c
BK
654
_a
Tool
245
_a
Tool Room Practice Part 5 No.13D
260
_b
Machinery publication Co
_c
2001
082
_a
621.9
_b
MAC
300
_a
60
546
_a
ENGLISH
999
_c
21941
_d
21941